000 00643nam a2200229 a 4500
001 BRCA_3630
005 20190320204348.0
008 260809s1962----gw-a---###---#000-0#ger-#
041 _ager
044 _agw
050 4 _aNK7495
_b.S65 1962
100 1 _aSpierdijk, C.
_99418
245 1 0 _aKlokken en Klokkenmakers
_bZes eeuwen uurwerk, 1300-1900
_cC. Spierdijk.
260 _aAmsterdam
_bDe Bussy
_c1962
300 _a256 p.
_bil., 107 láminas
_c25 cm.
500 _aB300
504 _aBibliografia: p. 253-256
650 1 4 _aRelojes
_xFabricación
_zHolanda
_99419
650 1 4 _aRelojes
_xHistoria
_99420
902 _aGFM
942 _2lcc
_cB
999 _c3365
_d3365